| 000 | 00458 a2200157 4500 | ||
|---|---|---|---|
| 003 | Nust | ||
| 005 | 20230427132738.0 | ||
| 040 | _cNust | ||
| 082 | _a920 | ||
| 100 |
_aSingh, Khushwant _917337 |
||
| 245 |
_aSuch Mohabbat Aur Zara Sa Keena - سچ محبت اور ذرا سا کینہ / _cKhushwant Singh |
||
| 260 |
_aLahore , Pakistan _bAlmatbahtuarabia _c2003 |
||
| 300 | _a416p; | ||
| 650 |
_aAutobiography by Khushwant Singh _9111993 |
||
| 942 |
_2ddc _cBK |
||
| 999 |
_c194143 _d194143 |
||